000
00335 a2200157 4500
001
155657
040
_c
Escola São Tomás de Aquino
100
_a
TREVISAN, Dalton
240
1
0
_a
Dalton Trevisan
_l
por
245
1
0
_a
Dalton Trevisan
300
_a
106
362
0
_a
1981
440
1
_a
Abril
697
_a
GENERALIDADES
942
_c
BK
999
_c
155657
_d
155657